<?xml version="1.0" encoding="UTF-8"?>
<record
    xmlns:xsi="http://www.w3.org/2001/XMLSchema-instance"
    xsi:schemaLocation="http://www.loc.gov/MARC21/slim http://www.loc.gov/standards/marcxml/schema/MARC21slim.xsd"
    xmlns="http://www.loc.gov/MARC21/slim">

  <leader>00515nam a2200169Ia 4500</leader>
  <controlfield tag="008">230718s9999    xx            000 0 und d</controlfield>
  <datafield tag="020" ind1=" " ind2=" ">
    <subfield code="a">9788130934150</subfield>
  </datafield>
  <datafield tag="041" ind1=" " ind2=" ">
    <subfield code="a">eng</subfield>
  </datafield>
  <datafield tag="082" ind1=" " ind2=" ">
    <subfield code="a">155.2</subfield>
    <subfield code="b">BAR</subfield>
  </datafield>
  <datafield tag="100" ind1=" " ind2=" ">
    <subfield code="a">Barrett J.</subfield>
    <subfield code="9">108224</subfield>
  </datafield>
  <datafield tag="245" ind1=" " ind2=" ">
    <subfield code="a">Test Your Numerical Aptitude </subfield>
    <subfield code="b">How To Access Your Numeracy Skills And Plan Your Career</subfield>
  </datafield>
  <datafield tag="260" ind1=" " ind2=" ">
    <subfield code="c">2016</subfield>
    <subfield code="b">Source Book</subfield>
  </datafield>
  <datafield tag="300" ind1=" " ind2=" ">
    <subfield code="a">173</subfield>
  </datafield>
  <datafield tag="365" ind1=" " ind2=" ">
    <subfield code="c">Rs.</subfield>
    <subfield code="b">195.00</subfield>
  </datafield>
  <datafield tag="700" ind1=" " ind2=" ">
    <subfield code="a">Barrett J.</subfield>
    <subfield code="9">108224</subfield>
  </datafield>
  <datafield tag="906" ind1=" " ind2=" ">
    <subfield code="d">O:0360507-Oct-2016B:SE/SI/338203-Oct-2016</subfield>
    <subfield code="c">GENRL</subfield>
    <subfield code="b">243.75</subfield>
  </datafield>
  <datafield tag="999" ind1=" " ind2=" ">
    <subfield code="c">343492</subfield>
    <subfield code="d">343492</subfield>
  </datafield>
  <datafield tag="952" ind1=" " ind2=" ">
    <subfield code="0">0</subfield>
    <subfield code="1">0</subfield>
    <subfield code="4">0</subfield>
    <subfield code="7">0</subfield>
    <subfield code="a">CCEP</subfield>
    <subfield code="b">CCEP</subfield>
    <subfield code="d">2016-10-15</subfield>
    <subfield code="e">Suyog Enterprises</subfield>
    <subfield code="f">GENRL</subfield>
    <subfield code="g">146.25</subfield>
    <subfield code="i">SE/SI/3382</subfield>
    <subfield code="l">0</subfield>
    <subfield code="o">155.2</subfield>
    <subfield code="p">CCEP-BK-54699</subfield>
    <subfield code="r">2023-07-18 00:00:00</subfield>
    <subfield code="t">243.75</subfield>
    <subfield code="v">195.00</subfield>
    <subfield code="w">2016-10-03</subfield>
    <subfield code="y">BK</subfield>
    <subfield code="z">054699</subfield>
  </datafield>
</record>
